书目信息 |
| 题名: |
秦兵马俑
|
|
| 作者: | 袁仲一 著 ;朱启新 , 王立梅 主编 | |
| 分册: | ||
| 出版信息: | 北京 生活·读书·新知三联书店 2004.5 |
|
| 页数: | 168页 | |
| 开本: | 25cm | |
| 丛书名: | 中国重大考古发掘记 | |
| 单 册: | ||
| 中图分类: | K878.9 | |
| 科图分类: | ||
| 主题词: | 秦始皇陵--兵马俑--考古发掘 , 兵马俑 , 考古发掘 | |
| 电子资源: | ||
| ISBN: | 7-108-01758-X | |
| 000 | 00805nam2 2200277 45 | |
| 001 | 012004000000 | |
| 005 | 20041105150929.46 | |
| 010 | @a7-108-01758-X@dCNY 40.00 | |
| 100 | @a20040920d2004 em y0chiy0121 ea | |
| 101 | 0 | @achi |
| 102 | @aCN@b110000 | |
| 105 | @aa z 000yy | |
| 200 | 1 | @a秦兵马俑@Aqin bing ma yong@f袁仲一著 |
| 210 | @a北京@c生活·读书·新知三联书店@d2004.5 | |
| 215 | @a168页@c图@d25cm | |
| 225 | 2 | @a中国重大考古发掘记@f朱启新, 王立梅主编 |
| 410 | 0 | @12001 @a中国重大考古发掘记 |
| 606 | 0 | @a秦始皇陵@x兵马俑@x考古发掘 |
| 606 | 0 | @a兵马俑 |
| 606 | 0 | @a考古发掘 |
| 690 | @aK878.9@v4 | |
| 701 | 0 | @a袁仲一@Ayuan zhong yi@4著 |
| 702 | 0 | @a朱启新@Azhu qin xin@4主编 |
| 702 | 0 | @a王立梅@Awang li mei@4主编 |
| 801 | 0 | @aCN@bQSSKxf@c20041105 |
| 905 | @a10447@dK878.9@eY920 | |
| 秦兵马俑/袁仲一著.-北京:生活·读书·新知三联书店,2004.5 |
| 168页:图;25cm.-(中国重大考古发掘记/朱启新, 王立梅主编) |
| ISBN 7-108-01758-X:CNY 40.00 |
| ● |
| 相关链接 |
|
|
|
正题名:秦兵马俑
索取号:K878.9/Y920
 
预约/预借
| 序号 | 登录号 | 条形码 | 馆藏地/架位号 | 状态 | 备注 |
| 1 | 425483 | 204254831 | 社科库309/309社科库 9排3列2层/ [索取号:K878.9/Y920] | 在馆 | |
| 2 | 425484 | 204254840 | 社科库309/309社科库 9排3列2层/ [索取号:K878.9/Y920] | 在馆 |